|
|
แสดงรายละเอียดบรรณานุกรม |
|
|
Brief Record
: Get Marc (ISO 2709)
: E-mail record
: |
|
|
|
| LEADER 00000nam 2200000uu 4500 | |||
| 001 208771 | |||
| 003 ULIBM | |||
| 008 121214s2554||||th 000 0 tha d | |||
| 020 ^a9786167460420 | |||
| 040 ^abcnkk | |||
| 041 0 ^atha | |||
| 060 4 ^aQU145 อ525ก 2554 | |||
| 100 0 ^aอัญชุลี อุธา | |||
| 245 00 ^aกินต้านมะเร็งเต้านม./^bอัญชุลี อุธา | |||
| 260 ^aกรุงเทพฯ : ^bบีเวลล์ สปีเชียล,^c2554 | |||
| 300 ^a163 หน้า;^bภาพประกอบ ;^c21 ซม. | |||
| 650 4 ^aโภชนบำบัด | |||
| 650 4 ^aสารตันมะเร็ง | |||
| 650 4 ^aมะเร็ง ^xโภชนบำบัด | |||
| 650 4 ^aเต้านม ^xมะเร็ง ^xการรักษา | |||
| 999 ^aใช้งานได้ทุกระบบ | |||
| คุณยังไม่ได้ล็อกอิน คุณสามารถมีกิจกรรมร่วมกับเว็บไซต์ได้ แต่ต้องล็อกอินก่อน :: |
|
| สถานะ | |||||||||
| 1. | หนังสือทั่วไป | QU145 อ525ก 2554 ฉ.2 | On Shelf ขอยืม | ||||||
| Note:ปีงบประมาณ 2555 | |||||||||
| 2. | หนังสือทั่วไป | QU145 อ525ก 2554 ฉ.3 | On Shelf ขอยืม | ||||||
| Note:ปีงบประมาณ 2555 | |||||||||
| 3. | หนังสือทั่วไป | QU145 อ525ก 2554 ฉ.4 | On Shelf ขอยืม | ||||||
| Note:ปีงบประมาณ 2555 | |||||||||
| 4. | หนังสือทั่วไป | QU145 อ525ก 2554 ฉ.6 | On Shelf ขอยืม | ||||||
| Note:ปีงบประมาณ 2555 | |||||||||
| 5. | หนังสือทั่วไป | QU145 อ525ก 2554 ฉ.7 | On Shelf ขอยืม | ||||||
| Note:ปีงบประมาณ 2555 | |||||||||
| 6. | หนังสือทั่วไป | QU145 อ525ก 2554 ฉ.10 | On Shelf ขอยืม | ||||||
| Note:ปีงบประมาณ 2555 | |||||||||
| [แสดง 6/6 รายการ] | |||||||||
BibComment |
| คอมเมนท์ทรัพยากรรายการนี้ |
|
|